<?xml version="1.0" encoding="UTF-8"?>
<record
    xmlns:xsi="http://www.w3.org/2001/XMLSchema-instance"
    xsi:schemaLocation="http://www.loc.gov/MARC21/slim http://www.loc.gov/standards/marcxml/schema/MARC21slim.xsd"
    xmlns="http://www.loc.gov/MARC21/slim">

  <leader>03343nam a2200445Ii 4500</leader>
  <controlfield tag="001">DIGDYK1489</controlfield>
  <controlfield tag="003">NyNyDIG</controlfield>
  <controlfield tag="008">200318s2019    sp      o     000 p spa d</controlfield>
  <controlfield tag="006">m     o  d        </controlfield>
  <controlfield tag="007">cr |||||||||||</controlfield>
  <datafield tag="035" ind1=" " ind2=" ">
    <subfield code="a">(OCoLC)1113883143</subfield>
  </datafield>
  <datafield tag="040" ind1=" " ind2=" ">
    <subfield code="a">DGITA</subfield>
    <subfield code="b">eng</subfield>
    <subfield code="e">rda</subfield>
    <subfield code="e">pn</subfield>
    <subfield code="c">DGITA</subfield>
  </datafield>
  <datafield tag="020" ind1=" " ind2=" ">
    <subfield code="a">9788413241272</subfield>
    <subfield code="q">(eBook ;</subfield>
    <subfield code="q">pdf)</subfield>
  </datafield>
  <datafield tag="020" ind1=" " ind2=" ">
    <subfield code="a">8413241278</subfield>
    <subfield code="q">(eBook ;</subfield>
    <subfield code="q">pdf)</subfield>
  </datafield>
  <datafield tag="020" ind1=" " ind2=" ">
    <subfield code="z">9788413240138</subfield>
  </datafield>
  <datafield tag="020" ind1=" " ind2=" ">
    <subfield code="z">8413240131</subfield>
  </datafield>
  <datafield tag="050" ind1="1" ind2="4">
    <subfield code="a">HQ57.3 ebook</subfield>
  </datafield>
  <datafield tag="082" ind1="1" ind2="4">
    <subfield code="a">372.372049</subfield>
  </datafield>
  <datafield tag="245" ind1="0" ind2="0">
    <subfield code="a">Educaci&#xF3;n en sexualidad e igualdad :</subfield>
    <subfield code="b">discursos y estrategias para la formaci&#xF3;n de docentes y educadores sociales /</subfield>
    <subfield code="c">Mar&#xED;a Teresa Bejarano Franco y Rosa Mar&#xED; Ytarte (dir.) ; Mar&#xED;a Teresa Bejarano Franco [and 19 others].</subfield>
  </datafield>
  <datafield tag="264" ind1=" " ind2="1">
    <subfield code="a">Madrid :</subfield>
    <subfield code="b">Dykinson, S.L.</subfield>
    <subfield code="c">2019.</subfield>
  </datafield>
  <datafield tag="300" ind1=" " ind2=" ">
    <subfield code="a">1 online resource.</subfield>
  </datafield>
  <datafield tag="336" ind1=" " ind2=" ">
    <subfield code="a">text</subfield>
    <subfield code="2">rdacontent</subfield>
  </datafield>
  <datafield tag="337" ind1=" " ind2=" ">
    <subfield code="a">computer</subfield>
    <subfield code="b">c</subfield>
    <subfield code="2">rdamedia</subfield>
  </datafield>
  <datafield tag="338" ind1=" " ind2=" ">
    <subfield code="a">online resource</subfield>
    <subfield code="b">cr</subfield>
    <subfield code="2">rdacarrier</subfield>
  </datafield>
  <datafield tag="347" ind1=" " ind2=" ">
    <subfield code="a">text file</subfield>
    <subfield code="2">rdaft</subfield>
  </datafield>
  <datafield tag="347" ind1=" " ind2=" ">
    <subfield code="b">PDF</subfield>
  </datafield>
  <datafield tag="505" ind1="0" ind2=" ">
    <subfield code="a">Sexualidad e igualdad en la formaci&#xF3;n docente : realidades y nuevos enfoques desde la pedagog&#xED;a / Montserrat Blanco Garc&#xED;a y Mar&#xED;a Teresa Bejarano Franco -- Educar en sexualidades e igualdad en educaci&#xF3;n social desde una perspectiva feminista / Rosa Mar&#xED; Ytarte, Rut Barranco Barroso e Irene Mart&#xED;nez Mart&#xED;n -- G&#xE9;nero, igualdad y coeducaci&#xF3;n : &#xBF;sobre qu&#xE9; se investiga? / Mar&#xED;a Garc&#xED;a-Cano Torrico y Eva F. Hinojosa Pareja -- La educaci&#xF3;n en sexualidad en el curr&#xED;culo de futuros docentes y educadores : nuevos contenidos y estrategias did&#xE1;cticas desde las ciencias y la educaci&#xF3;n para la salud / Antonio Mateos Jim&#xE9;nez y Beatriz Garc&#xED;a Fern&#xE1;ndez -- La diversidad afectivo-sexual y de identidad de g&#xE9;nero en la formaci&#xF3;n de educadoras/es sociales : propuesta pedag&#xF3;gica con perspectiva integradora en la pr&#xE1;ctica profesional / Natalia Hip&#xF3;lito Ruiz y Virtudes T&#xE9;llez Delgado -- Los cuentos creativos, un recurso did&#xE1;ctico para la igualdad en educaci&#xF3;n infantil y primaria / Mar&#xED;a Teresa Bejarano Franco e Irene Mart&#xED;nez Mart&#xED;n -- Resistencias en tiempo de ideolog&#xED;a de g&#xE9;nero : el proyecto escuela promotora de la igualdad de g&#xE9;nero / Paula Regina Costa Ribeiro, Joanalira Corpes Magalh&#xE3;es y Juliana Lapa Rizza -- Violencia de g&#xE9;nero en la juventud : visiones y respuestas desde la educaci&#xF3;n social / Sonia Morales Calvo y Roberto Moreno L&#xF3;pez -- La sexualidad en la diversidad : estrategias de intervenci&#xF3;n en personas con s&#xED;ndrome de Down / &#xC9;lida Roisen y Mar&#xED;a Gabriela S&#xE1;nchez Negrete -- Importancia de la sexualidad para promover un envejecimiento activo y saludable en personas mayores / Nazaret Mart&#xED;nez Heredia y Gracia Gonz&#xE1;lez Gij&#xF3;n.</subfield>
  </datafield>
  <datafield tag="588" ind1="0" ind2=" ">
    <subfield code="a">Online resource; title from PDF title page (Digitalia, viewed March 18, 2020)</subfield>
  </datafield>
  <datafield tag="650" ind1=" " ind2="0">
    <subfield code="a">Sex instruction.</subfield>
  </datafield>
  <datafield tag="650" ind1=" " ind2="0">
    <subfield code="a">Teachers</subfield>
    <subfield code="x">Training of.</subfield>
  </datafield>
  <datafield tag="650" ind1=" " ind2="0">
    <subfield code="a">Educational equalization.</subfield>
  </datafield>
  <datafield tag="650" ind1=" " ind2="0">
    <subfield code="a">Sex educators</subfield>
    <subfield code="x">Training of.</subfield>
  </datafield>
  <datafield tag="655" ind1=" " ind2="0">
    <subfield code="a">Electronic books.</subfield>
  </datafield>
  <datafield tag="791" ind1="2" ind2=" ">
    <subfield code="a">Digitalia (Firm),</subfield>
    <subfield code="e">distributor.</subfield>
  </datafield>
  <datafield tag="793" ind1="0" ind2=" ">
    <subfield code="g">Digitalia eBook Collection:</subfield>
    <subfield code="a">Dykinson Editorial</subfield>
  </datafield>
  <datafield tag="776" ind1="0" ind2="8">
    <subfield code="i">Print version:</subfield>
    <subfield code="t">Educaci&#xF3;n en sexualidad e igualdad.</subfield>
    <subfield code="d">Madrid : Dykinson, 2019</subfield>
    <subfield code="z">9788413240138</subfield>
  </datafield>
  <datafield tag="856" ind1="4" ind2="0">
    <subfield code="3">Digitalia Hisp&#xE1;nica</subfield>
    <subfield code="u">https://www.digitaliapublishing.com/a/59909/</subfield>
  </datafield>
  <datafield tag="910" ind1=" " ind2=" ">
    <subfield code="a">Premium collection: 2020</subfield>
  </datafield>
  <datafield tag="942" ind1=" " ind2=" ">
    <subfield code="c">RAA</subfield>
  </datafield>
  <datafield tag="952" ind1=" " ind2=" ">
    <subfield code="0">0</subfield>
    <subfield code="1">0</subfield>
    <subfield code="4">0</subfield>
    <subfield code="7">0</subfield>
    <subfield code="8">DEH</subfield>
    <subfield code="a">BD-UIN</subfield>
    <subfield code="b">BD-UIN</subfield>
    <subfield code="d">2025-04-25</subfield>
    <subfield code="l">0</subfield>
    <subfield code="r">2025-04-25</subfield>
    <subfield code="w">2025-04-25</subfield>
    <subfield code="y">RAA</subfield>
  </datafield>
  <datafield tag="999" ind1=" " ind2=" ">
    <subfield code="c">256638</subfield>
    <subfield code="d">256638</subfield>
  </datafield>
</record>
